[Event "San Cristobal de La Laguna op 1st"]
[Site "San Cristobal de La Laguna"]
[Date "2018.09.01"]
[Round "3"]
[White "Saumweber, Walter"]
[Black "Paz Mendez, German Christopher"]
[Result "0-1"]
[WhiteElo "2120"]
[BlackElo "1821"]
[PlyCount "115"]
[EventDate "2018.08.31"]
[EventType "swiss"]
[EventRounds "9"]
[EventCountry "ESP"]
[SourceTitle "CBM 186 Extra"]
[Source "ChessBase"]
[SourceDate "2018.08.24"]
[SourceVersion "1"]
[SourceVersionDate "2018.08.24"]
[SourceQuality "1"]

1. c4 e5 2. g3 Nf6 3. Bg2 d5 4. cxd5 Nxd5 5. Nf3 Bd6 6. 0-0 0-0 7. d4 exd4 8. Nxd4 c6 9. Nc3 Nxc3 10. bxc3 Na6 11. Qc2 Qa5 12. Rd1 Bc7 13. Nb3 Qh5 14. Ba3 Re8 15. e4 Bg4 16. Rd2 Bf3 17. Nd4 Bxg2 18. Kxg2 Nc5 19. f3 Ne6 20. Rad1 Ng5 21. h4 c5 22. hxg5 cxd4 23. cxd4 Rac8 24. Qb3 Qxg5 25. e5 Ba5 26. Bb4 Bb6 27. f4 Qf5 28. Qd3 Qg4 29. Qf3 Qd7 30. Bd6 Rc4 31. Rd3 Ba5 32. Re3 Rc2+ 33. Kg1 Rec8 34. f5 R2c3 35. Rxc3 Rxc3 36. Rd3 Rc1+ 37. Kg2 Rc2+ 38. Kh3 g6 39. g4 h5 40. gxh5 Qxf5+ 41. Qxf5 gxf5 42. a3 Rd2 43. Rxd2 Bxd2 44. Bb8 a6 45. Kg3 b5 46. d5 a5 47. d6 Kf8 48. Bc7 Ke8 49. Kf3 a4 50. Bb6 Bc1 51. Bc5 Kd7 52. Be3 Bb2 53. Kf4 b4 54. h6 Ke6 55. axb4 Bxe5+ 56. Kf3 a3 57. Bf4 Bxf4 58. Kxf4 0-1

[Event "Santa Cruz de Tenerife op 25th"]
[Site "Santa Cruz de Tenerife"]
[Date "2014.12.15"]
[Round "1"]
[White "Bernardez Gonzalez, Roberto"]
[Black "Saumweber, Walter"]
[Result "0-1"]
[WhiteElo "1449"]
[BlackElo "2117"]
[PlyCount "78"]
[EventDate "2014.12.15"]
[EventType "swiss"]
[EventRounds "9"]
[EventCountry "ESP"]
[SourceTitle "CBM 164 Extra"]
[Source "ChessBase"]
[SourceDate "2015.03.02"]
[SourceVersion "1"]
[SourceVersionDate "2015.03.02"]
[SourceQuality "1"]

1. e4 e6 2. d4 d5 3. Nc3 Nf6 4. e5 Nfd7 5. f4 c5 6. Nf3 Nc6 7. Be3 cxd4 8. Nxd4 Bc5 9. Qd2 0-0 10. Nce2 Qb6 11. c3 a5 12. g3 f6 13. exf6 Nxf6 14. Nc2 e5 15. Bxc5 Qxc5 16. fxe5 Nxe5 17. 0-0-0 Bf5 18. Nf4 Rae8 19. Bg2 Be4 20. Bxe4 dxe4 21. Nd4 Qb6 22. Qe2 g5 23. Nfe6 Rxe6 24. Nxe6 Qxe6 25. Rhf1 Qxa2 26. Rd6 Nd3+ 27. Rxd3 exd3 28. Qxd3 Qa1+ 29. Kc2 Qa4+ 30. Kc1 Qe4 31. Qb5 Qd5 32. Qb6 Kg7 33. Rd1 Qe5 34. Qxb7+ Rf7 35. Qb6 a4 36. Rd4 Nd5 37. Qb5 Qe1+ 38. Rd1 Qe3+ 39. Rd2 Nf6 0-1

[Event "Santa Cruz de Tenerife Amistad op"]
[Site "Santa Cruz de Tenerife"]
[Date "2013.09.13"]
[Round "3"]
[White "Saumweber, Walter"]
[Black "Paz Mendez, German Christopher"]
[Result "1-0"]
[WhiteElo "2102"]
[BlackElo "1724"]
[PlyCount "87"]
[EventDate "2013.09.09"]
[EventType "swiss"]
[EventRounds "7"]
[EventCountry "ESP"]
[SourceTitle "CBM 156 Extra"]
[Source "ChessBase"]
[SourceDate "2013.10.22"]
[SourceVersion "1"]
[SourceVersionDate "2013.10.22"]
[SourceQuality "1"]

1. c4 e5 2. g3 Nc6 3. Nc3 Nf6 4. Bg2 Bc5 5. e3 0-0 6. Nge2 d6 7. 0-0 Bf5 8. d4 Bb6 9. d5 Ne7 10. e4 Bg4 11. h3 Bd7 12. Qd3 Ne8 13. Be3 f5 14. b4 a6 15. c5 Ba7 16. a4 Ng6 17. exf5 Bxf5 18. Ne4 h5 19. N2c3 Qd7 20. Kh2 Nf6 21. Qc4 Ne7 22. Ng5 Bg6 23. b5 Nf5 24. c6 Qc8 25. Bxa7 Rxa7 26. Ne6 Rf7 27. a5 bxc6 28. dxc6 axb5 29. Nxb5 Qa6 30. Rfc1 Kh8 31. Nxa7 Qxa7 32. Ra2 Re7 33. Ng5 Nd4 34. Qb4 Nf5 35. a6 Re8 36. Qb7 Ra8 37. Rca1 d5 38. Ne6 Ne8 39. Rb2 Ne7 40. Qxa7 Rxa7 41. Rb7 Nc8 42. Bxd5 Bf7 43. Nxc7 Kg8 44. Bxf7+ 1-0

[Event "Santa Cruz de Tenerife Amistad op"]
[Site "Santa Cruz de Tenerife"]
[Date "2013.09.11"]
[Round "2"]
[White "Rivas Crespo, Alejandro"]
[Black "Saumweber, Walter"]
[Result "1/2-1/2"]
[WhiteElo "1701"]
[BlackElo "2102"]
[PlyCount "65"]
[EventDate "2013.09.09"]
[EventType "swiss"]
[EventRounds "7"]
[EventCountry "ESP"]
[SourceTitle "CBM 156 Extra"]
[Source "ChessBase"]
[SourceDate "2013.10.22"]
[SourceVersion "1"]
[SourceVersionDate "2013.10.22"]
[SourceQuality "1"]

1. e4 e6 2. d4 d5 3. e5 c5 4. c3 Qb6 5. Nf3 Nc6 6. Be2 cxd4 7. cxd4 Nh6 8. Nc3 Nf5 9. Bb5 Bd7 10. Bxc6 Bxc6 11. 0-0 Bb4 12. a4 a5 13. Ne2 h6 14. Qb3 Qa6 15. Nc3 g5 16. Be3 g4 17. Ne1 0-0-0 18. Na2 Qc4 19. Qxc4 dxc4 20. Nxb4 axb4 21. Nc2 Nh4 22. Nxb4 Bxg2 23. Rfc1 Bd5 24. Nxd5 exd5 25. b3 Rd7 26. bxc4 dxc4 27. Rxc4+ Rc7 28. Rac1 Rxc4 29. Rxc4+ Kd7 30. Bf4 Ke6 31. Rb4 Rd8 32. Be3 Rd7 33. Rb6+ 1/2-1/2

[Event "Tenerife op 22nd"]
[Site "Santa Cruz de Tenerife"]
[Date "2011.12.22"]
[Round "5"]
[White "Saumweber, Walter"]
[Black "Darias Darias, Luis"]
[Result "1-0"]
[WhiteElo "2108"]
[BlackElo "1845"]
[PlyCount "83"]
[EventDate "2011.12.18"]
[EventType "swiss"]
[EventRounds "9"]
[EventCountry "ESP"]
[SourceTitle "CBM 146 Extra"]
[Source "ChessBase"]
[SourceDate "2012.02.29"]
[SourceVersion "1"]
[SourceVersionDate "2012.02.29"]
[SourceQuality "1"]

1. c4 b6 2. Nc3 Bb7 3. e4 e5 4. g3 Nf6 5. Bg2 Be7 6. Nge2 0-0 7. 0-0 c6 8. d4 d6 9. f4 Nbd7 10. h3 Qc7 11. b3 a6 12. Ba3 c5 13. dxe5 dxe5 14. Bb2 Rad8 15. Nd5 Nxd5 16. cxd5 Bd6 17. Qd3 Qb8 18. Kh1 f6 19. a4 Rfe8 20. h4 Kh8 21. Bh3 Bc8 22. Be6 Nf8 23. f5 Bc7 24. Qc4 Bd6 25. Nc3 Re7 26. Ra2 Ra7 27. Qe2 Bd7 28. Bc1 Be8 29. Be3 Qb7 30. g4 Rb8 31. Qf2 Nxe6 32. fxe6 Bg6 33. h5 Bxe4+ 34. Nxe4 Qxd5 35. Qf5 Be7 36. Rd2 Qxb3 37. Rf3 Qxa4 38. g5 Qc6 39. gxf6 gxf6 40. Nxf6 Bd6 41. Nd7 Rxd7 42. exd7 1-0

[Event "Tenerife op 22nd"]
[Site "Santa Cruz de Tenerife"]
[Date "2011.12.20"]
[Round "3"]
[White "Saumweber, Walter"]
[Black "Gutierrez Olivares, Daniel"]
[Result "0-1"]
[WhiteElo "2108"]
[BlackElo "2268"]
[PlyCount "72"]
[EventDate "2011.12.18"]
[EventType "swiss"]
[EventRounds "9"]
[EventCountry "ESP"]
[SourceTitle "CBM 146 Extra"]
[Source "ChessBase"]
[SourceDate "2012.02.29"]
[SourceVersion "1"]
[SourceVersionDate "2012.02.29"]
[SourceQuality "1"]

1. c4 e6 2. g3 Nf6 3. Bg2 c5 4. Nf3 Nc6 5. 0-0 a6 6. Nc3 Be7 7. d4 cxd4 8. Nxd4 0-0 9. e4 Qc7 10. Bf4 e5 11. Nxc6 dxc6 12. Bg5 h6 13. Bxf6 Bxf6 14. Qe2 Rd8 15. Rac1 Qa5 16. b3 Be6 17. Rc2 Be7 18. Qh5 f6 19. Bh3 Bf7 20. Qe2 Rd4 21. Nd1 Rad8 22. Ne3 g6 23. Qf3 Kg7 24. Rfc1 Bc5 25. Ng4 R8d6 26. Bf1 Rd2 27. h4 h5 28. Ne3 Be6 29. a4 Qb6 30. Rc3 Bg4 31. Nxg4 hxg4 32. Qxg4 Rxf2 33. Kh1 Rdd2 34. Qh3 Qd8 35. g4 Rd1 36. Rd3 Rfxf1+ 0-1

[Event "La Laguna op 3rd"]
[Site "La Laguna"]
[Date "2009.05.06"]
[Round "4"]
[White "Garcia Calvo, Amaurys"]
[Black "Saumweber, Walter"]
[Result "0-1"]
[WhiteElo "1934"]
[BlackElo "2209"]
[PlyCount "78"]
[EventDate "2009.05.04"]
[EventType "swiss"]
[EventRounds "9"]
[EventCountry "ESP"]
[SourceTitle "CBM 130 Extra"]
[Source "ChessBase"]
[SourceDate "2009.07.02"]
[SourceVersion "2"]
[SourceVersionDate "2009.07.15"]
[SourceQuality "1"]

1. c4 f5 2. Nc3 Nf6 3. Nf3 g6 4. g3 Bg7 5. Bg2 0-0 6. 0-0 d6 7. d4 Qe8 8. Bf4 h6 9. h4 Nh5 10. Qd2 Kh7 11. d5 Na6 12. Nd4 Rb8 13. Ncb5 Ra8 14. Rac1 Bd7 15. Rfe1 c6 16. dxc6 bxc6 17. Qa5 cxb5 18. Nxb5 Bxb5 19. cxb5 Nc5 20. Bxa8 Qxa8 21. b4 Ne4 22. Rc7 Nxf4 23. gxf4 Bf6 24. Rxa7 Qd5 25. Qc7 Qxb5 26. Rb7 Qd5 27. a4 Bxh4 28. Rf1 Qd2 29. Qc1 Qxe2 30. Qd1 Qa6 31. Rc7 Nxf2 32. Qd4 Ne4 33. b5 Qa8 34. Kh2 Bf6 35. Qb4 Qd5 36. Rfc1 Qd3 37. Qe1 Qf3 38. R1c2 Qxf4+ 39. Kh1 Bh4 0-1

[Event "El Sauzal op 9th"]
[Site "El Sauzal"]
[Date "2008.11.02"]
[Round "7"]
[White "Hernandez Rios, Ivan"]
[Black "Saumweber, Walter"]
[Result "1-0"]
[WhiteElo "2012"]
[BlackElo "2209"]
[PlyCount "55"]
[EventDate "2008.11.01"]
[EventType "swiss (rapid)"]
[EventRounds "9"]
[EventCountry "ESP"]
[SourceTitle "CBM 127 Extra"]
[Source "ChessBase"]
[SourceDate "2009.01.08"]
[SourceVersion "2"]
[SourceVersionDate "2009.01.28"]
[SourceQuality "1"]

1. e4 e6 2. d4 d5 3. Nc3 Nf6 4. Bg5 Bb4 5. e5 h6 6. exf6 hxg5 7. fxg7 Rg8 8. h4 gxh4 9. Qd3 Qf6 10. Nf3 Bd7 11. Rxh4 Qxg7 12. Rh7 Qf8 13. Ne5 Rg7 14. Be2 Nc6 15. Nxf7 Nxd4 16. Bh5 Ke7 17. 0-0-0 Nf5 18. Qxf5 exf5 19. Nxd5+ Ke6 20. Rh6+ Rg6 21. Rxg6+ Kxf7 22. Rf6+ Kg7 23. Rxf8 Bxf8 24. Nxc7 Rd8 25. Ne6+ Bxe6 26. Rxd8 Be7 27. Rb8 Bd5 28. Bf3 1-0

[Event "Bad Woerishofen op 16th"]
[Site "Bad Woerishofen"]
[Date "2000.03.23"]
[Round "7"]
[White "Saumweber, Walter"]
[Black "Jaenig, Reinhard"]
[Result "1-0"]
[WhiteElo "2212"]
[BlackElo "2097"]
[PlyCount "91"]
[EventDate "2000.03.??"]
[EventType "swiss"]
[EventRounds "9"]
[EventCountry "GER"]
[SourceTitle "CBM 075 Extra"]
[Source "ChessBase"]
[SourceDate "2000.05.11"]
[SourceVersion "2"]
[SourceVersionDate "2000.05.11"]
[SourceQuality "1"]

1. c4 c5 2. g3 Nf6 3. Bg2 d5 4. cxd5 Nxd5 5. Nc3 Nc7 6. Nf3 Nc6 7. 0-0 e5 8. Ne1 Bd7 9. Nd3 f6 10. b3 Be7 11. Bb2 0-0 12. f4 exf4 13. Nxf4 b6 14. e3 Rc8 15. Ncd5 Bd6 16. Qh5 Qe8 17. Qh4 Be5 18. Be4 f5 19. Nxc7 Rxc7 20. Bd5+ Kh8 21. Bxe5 Nxe5 22. Rae1 Rf6 23. e4 Rh6 24. Qg5 Bb5 25. exf5 Re7 26. Ne6 Bxf1 27. Rxe5 Bb5 28. Nxg7 Rg6 29. Nxe8 Rxg5 30. Rxe7 Rxf5 31. Rxh7+ Kxh7 32. Be4 Bxe8 33. Bxf5+ Kg7 34. Kf2 Kf6 35. Bd3 Ke5 36. Ke3 Bh5 37. h3 a5 38. g4 Be8 39. h4 b5 40. g5 b4 41. Be4 a4 42. g6 Kf6 43. d4 axb3 44. axb3 c4 45. bxc4 b3 46. Kd3 1-0

[Event "Bad Woerishofen op 15th"]
[Site "Bad Woerishofen"]
[Date "1999.??.??"]
[Round "9"]
[White "Saumweber, Walter"]
[Black "Nagelsdiek, Michael"]
[Result "1-0"]
[WhiteElo "2154"]
[BlackElo "2122"]
[PlyCount "69"]
[EventDate "1999.03.05"]
[EventType "swiss"]
[EventRounds "9"]
[EventCountry "GER"]
[SourceTitle "EXT 2002"]
[Source "ChessBase"]
[SourceDate "2001.11.25"]
[SourceVersion "1"]
[SourceVersionDate "2001.11.25"]
[SourceQuality "1"]

1. c4 Nf6 2. g3 g6 3. Bg2 Bg7 4. Nc3 0-0 5. e4 d6 6. Nge2 c5 7. 0-0 Nc6 8. d3 Ne8 9. Be3 Nc7 10. d4 cxd4 11. Nxd4 Ne5 12. b3 Ng4 13. Bc1 Ne6 14. Nde2 Qa5 15. Bb2 f5 16. exf5 gxf5 17. h3 Nf6 18. Nd5 Nxd5 19. Bxg7 Ne3 20. fxe3 Kxg7 21. Nf4 Qe5 22. Kh2 Rb8 23. Rc1 Bd7 24. Bd5 Ng5 25. Qh5 Ne4 26. Bxe4 Qxe4 27. Qg5+ Kh8 28. Ng6+ Kg7 29. Nxe7+ Kh8 30. Ng6+ hxg6 31. Qh6+ Kg8 32. Qxg6+ Kh8 33. Rf4 Qe7 34. Rh4+ Qxh4 35. gxh4 1-0

[Event "Bad Woerishofen op 14th"]
[Site "Bad Woerishofen"]
[Date "1998.03.10"]
[Round "5"]
[White "Pohlers, Juergen"]
[Black "Saumweber, Walter"]
[Result "1-0"]
[WhiteElo "2145"]
[BlackElo "1900"]
[PlyCount "97"]
[EventDate "1998.03.06"]
[EventType "swiss"]
[EventRounds "9"]
[EventCountry "GER"]
[SourceTitle "EXT 2022"]
[Source "ChessBase"]
[SourceDate "2021.10.06"]
[SourceVersion "1"]
[SourceVersionDate "2021.10.06"]
[SourceQuality "1"]

1. d4 f5 2. e4 fxe4 3. Nc3 Nf6 4. Bg5 Nc6 5. d5 Ne5 6. Qd4 Nf7 7. Bxf6 exf6 8. Nxe4 Be7 9. Nf3 0-0 10. 0-0-0 f5 11. Nc3 Bf6 12. Qd3 Nd6 13. Nd4 a6 14. f4 b5 15. g4 fxg4 16. Rg1 Bxd4 17. Qxd4 Qf6 18. Rxg4 Qxd4 19. Rxd4 Bb7 20. a4 Nf5 21. Re4 bxa4 22. Bd3 c6 23. Re5 Nh6 24. Rh4 cxd5 25. Nxd5 Bc6 26. Ne7+ Kh8 27. Nxc6 dxc6 28. Ra5 Rfe8 29. Rxa4 a5 30. Rh5 Rad8 31. Raxa5 Kg8 32. b3 Rd4 33. Rag5 Kf8 34. f5 Re5 35. Rg3 Rdd5 36. Rhg5 Nxf5 37. Bxf5 Rxf5 38. Rxg7 Rf1+ 39. Kb2 Rh5 40. Rc7 c5 41. Rgg7 Rxh2 42. Rxh7 Rxh7 43. Rxh7 Rf5 44. Kc3 Ke8 45. Kc4 Kd8 46. Ra7 Kc8 47. Ra5 Rf4+ 48. Kxc5 Rf3 49. Kb4 1-0